| 000 | 00927nam a22002895a 4500 | ||
|---|---|---|---|
| 005 | 20160327153854.0 | ||
| 006 | a||||fq||z 00| 0 | ||
| 008 | 160327t2004 mauo frb 001 0 eng d | ||
| 020 | _a0723611580 | ||
| 020 | _a0240805844 (DVD) | ||
| 020 | _a0240806107 | ||
| 020 | _a9780240806105 | ||
| 040 |
_aEG-ScBUE _beng _cEG-ScBUE |
||
| 082 | 0 | 4 |
_a070.49 _bKOB _222 |
| 100 | 1 |
_aKobre, Kenneth, _d1946- _939682 |
|
| 245 | 1 | 0 |
_aPhotojournalism : _bthe professionals' approach / _cKenneth Kobré ; editing & Design by Betsy Brill. |
| 250 | _a5th ed. | ||
| 260 |
_aBurlington ; _bOxford : _cFocal Press / Elsevier, _ec.2004. |
||
| 300 |
_aix, 416 p. : _bphotographs ; _c28 cm. + _e1 DVD. |
||
| 500 | _aIndex : p. 411-415. | ||
| 504 | _aBibliography : p. 396-410. | ||
| 650 | 7 |
_aPhotojournalism. _2BUEsh _939683 |
|
| 651 | _2BUEsh | ||
| 653 |
_bCOMAME _cMarch2016 |
||
| 700 | 1 |
_aBrill, Betsy, _eeditor. _939684 |
|
| 942 | _2ddc | ||
| 999 |
_c21516 _d21488 |
||